Statystyki dla Animatroniki z FNaF na literę ,,S,,

Kliknij tutaj aby rozwiązać quiz!

Ogólne statystyki

  • Ten quiz został rozwiązany 338 razy
  • Średni wynik to 3 z 6

Statystyki odpowiedzi

FNaF 2 , FNaF 3, FFPS , FNaF SB% Poprawnych
Springtrap / Spring Bonnie
93%
Shadow Bonnie
63%
Shadow Freddy
62%
Scraptrap
53%
Scrap Baby
40%
Sun
35%

Rozkład punktacji

Percentyl według liczby udzielonych odpowiedzi

Procent ludzi z każdym wynikiem

Twoja historia wyników

Nie rozwiązałeś tego quizu